000 02431nam a2200265 a 4500
001
003 DO-SdBNP
005 20220221092257.0
008 140613s 20uu dr a 000 0 spa d
020 _a9993492302
040 _aDO-SdBNP
_bspa
_cBPMSU
082 4 _a922.2
_bP421u
_222
100 1 _aPepén, Juan F.
_cObispo
245 1 3 _aUn garabato de Dios :
_bvivencias de un testigo /
_cJuan F. Pepén.
260 _aSanto Domingo :
_bPeregrino,
_c[200-?]
300 _a300 p. :
_bil. ;
_c21 cm.
490 0 _aUCADE
505 _aPrólogo 11 -- Nacimiento y primera infancia 15 -- Primera escuela y ambiente social 19 -- Vida religiosa del pueblo 23 -- Primera vida religiosa 29 -- La aventura del seminario 35 -- Hacia una nueva experiencia 49 -- Sacerdocio y ministerio 49 -- De nuevo en casa 75 -- Un tiempo difícil para esta iglesia 81 -- Hacia el episcopado 89 -- Las manos en el arado 101 -- Una Iglesia más encarnada 109 -- Dias muy difíciles 109 -- Primer viaje a Roma 129 -- Ministerio y apostolado 129 -- Al ritmo de los tiempos 151 -- Paso a paso 163 -- Vida igual y nueva tarea 177 -- Una Iglesia en crecimiento 185 -- Una Iglesia renovada y peregrina 197 -- La huella del testigo 211 -- Un nuevo pentecostés 219 -- Epílogo 225 -- APENDICES -- Defiende a los obreros del azúcar un prelado dominicano 231 -- Carta pastoral: sobre el problema agrario y sus posibles soluciones 235 -- ;Mensaje en la fiesta de Nuestra Señora de la Altagracia 241 -- Devolución de la imagen de la virgen de la Altagracia 247 -- Semana de oración y desagravio 249 -- Declaración del consejo presbiterial 251 -- Un nuevo seminario 253 -- Sobre designación de un nuevo obispo 257 -- Breve descripción de la diócesis de nuestra señora de la Altagracia 259 -- Obras auspiciadas por el obispado de Higuey a partir de octubre de 1959 263 -- Monseñor Pepén, educador desde la iglesia 267 -- Sobre las Misioneras de la Caridad (de Calcuta) 275 -- Visita pastoral en Bayaguana 277 -- 25 aniversario escuela Juan XXIII 281 -- El nuncio Lino Zanini 287 -- 40 años después 291 -- Respuesta a cuestionario sobre la Altagracia 295 -- Carta del padre Juan Ballari SBB 297 -- Albricias Papa Juan XXIII 299
590 _aInventariado, 2021/VM
600 1 4 _aPepén, Juan F.,
_d1920-
_vReligión
710 2 _aUniversidad Católica del Este (Higüey, República Dominicana)
830 0 _aUcade
_n1
910 _aVMateo V:
942 _2ddc
_cBK
999 _c13773
_d13773